|
|
|
|
| LEADER |
00000nab a2200000 a 4500 |
| 001 |
vtls000414351 |
| 003 |
SK-MaSNL |
| 005 |
20260304214345.0 |
| 008 |
120925c1991 xo 0 slo |
| 015 |
|
|
|a SNBRB19rr/mm-uuuuu
|
| 035 |
|
|
|a CL0414476
|
| 040 |
|
|
|a SNKBUCL
|b slo
|c SNKBUCL
|e AACR2
|
| 041 |
0 |
|
|a slo
|
| 044 |
|
|
|a xo
|c SK
|
| 080 |
|
|
|a 008:374.7
|2 1981
|
| 080 |
|
|
|a 374.7
|2 1981
|
| 100 |
1 |
|
|a Bujna, Ladislav
|4 aut
|9 1525003
|
| 245 |
1 |
0 |
|a Podporíme podnikateľov
|c Ladislav Bujna, Marta Hollá
|
| 300 |
|
|
|b Fot. 1.
|
| 650 |
0 |
7 |
|a kultúra (rezort)
|2 snkbucl
|9 926566
|
| 650 |
0 |
7 |
|a manažéri
|2 snkbucl
|9 1758
|
| 655 |
|
7 |
|a články z novín a časopisov
|2 snkbucl
|9 267496
|
| 700 |
1 |
|
|a Hollá, Marta,
|d 1958-
|4 aut
|9 248241
|
| 773 |
0 |
|
|t Osvetová práca
|g Roč. 41, č. 4 (1991), s. 13-14
|
| 850 |
|
|
|a Slovenská národná knižnica v Martine
|a MTA001
|
| 852 |
|
|
|a SNK
|b KIS3GCP
|
| 958 |
|
|
|a RK
|
| 992 |
|
|
|a RBX
|
| 999 |
|
|
|c 3140939
|d 3142869
|